00856 2200193 4500001002100000005001500021035002000036008004100056245005400097100001700151250000600168260003600174300001200210084001400222082000800236650001000244520039600254990001200650INLIS00000000000109620240522100040 a0010-0524000331240522 1 ind 1 aSitti Nurbaya ( Kasih Tak Sampai ) /cMarah Rusli aRusli, Marah a1 aJakarta :bBalai Pustaka,c2002 a271 hlm a813 MAR s a813 4aFiksi aIbunya meninggal saat Siti Nurbaya masih kanak-kanak, maka bisa dikatakan itulah titik awal penderitaan hidupnya. Sejak saat itu hingga dewasa dan mengerti cinta ia hanya hidup bersama Baginda Sulaiman, ayah yang sangat disayanginya. Ayahnya adalah seorang pedagang yang terkemuka di kota Padang. Sebagian modal usahanya merupakan uang pinjaman dari seorang rentenir bernama Datuk Maringgih. a0744074